000 00594nam a22002177a 4500
003 OSt
005 20231026092315.0
008 160719b xxu||||| |||| 00| 0 eng d
020 _a9780340926598
040 _cDNLM.
082 _aWB18 R259c 2000.
100 _aRees, P. John; Pattison, James; William, Gwyn;
_910310
245 _a100 cases in Clinical Medicine
250 _a2nd.ed
260 _aUk.
_bHodder Arnold.
_c2000.
300 _a262p;
_bcol,ill;
_c25cm.
504 _aincludes index.
650 _aClinical Medicine.
_9834
650 _aMCQs medicine
_99120
942 _2z
_cO_SHELF
999 _c4793
_d4793